Keral Ki Hindi kavitha samvedana aur silp/ (Record no. 69471)

000 -LEADER
fixed length control field 00376nam a22001457a 4500
082 ## - DEWEY DECIMAL CLASSIFICATION NUMBER
Classification number H100 9
Item number ASA/K
100 ## - MAIN ENTRY--AUTHOR NAME
Personal name Asa Devi
245 ## - TITLE STATEMENT
Title Keral Ki Hindi kavitha samvedana aur silp/
Statement of responsibility, etc by Asa Devi
260 ## - PUBLICATION, DISTRIBUTION, ETC. (IMPRINT)
Place of publication Madhura:
Name of publisher Jawahar Pusthakalay,
Year of publication 2016.
300 ## - PHYSICAL DESCRIPTION
Number of Pages 464p.
650 ## - SUBJECT ADDED ENTRY--TOPICAL TERM
Topical Term Poetry Hindi Criticism
650 ## - SUBJECT ADDED ENTRY--TOPICAL TERM
Topical Term Literature Hindi
650 ## - SUBJECT ADDED ENTRY--TOPICAL TERM
Topical Term Literature
942 ## - ADDED ENTRY ELEMENTS (KOHA)
Koha item type Book
Holdings
Withdrawn status Lost status Damaged status Not for loan Permanent Location Current Location Shelving location Date acquired Cost, normal purchase price Full call number Accession Number Price effective from Koha item type
        Sree Sankaracharya University of Sanskrit Sree Sankaracharya University of Sanskrit Stacks 05.01.2018 1000.00 H1 009 ASA/K 085919 05.01.2018 Book